Les Personnages Marvel - Statistiques

Statistiques générales
  • Ce quiz a été pris 2 669 fois
  • Le résultat moyen est 7 sur 15
Statistiques - réponses
Hint Réponse % Correct
Peter Parker Spider-Man
100%
Tony Stark Iron Man
98%
Steve Rogers Captain America
95%
Bruce Banner Hulk
93%
Peter Quill Star-Lord
70%
Clint Barton Hawkeye
66%
Eric O'Grady Ant-Man
47%
Matt Murdock Daredevil
45%
Eric Lehnsherr Magneto
30%
Reed Richards Mr. Fantastic
23%
James Howlett Wolverine
20%
Marc Spector Moon Knight
18%
Scott Summers Cyclops
14%
Kitty Pryde Shadowcat
9%
Richard Rider Nova
8%
Aucun quiz correspondant
Distribution des résultats
% des personnes avec chaque résultat
Percentile par nombre de réponses
Votre historique - résultats
Vous n’avez pas pris ce quiz